Statistics for ABC's

Click here to take the quiz!

General Stats

  • This quiz has been taken 56 times
  • The average score is 23 of 26

Answer Stats

Answer% Correct
A
100%
B
100%
C
100%
D
98%
E
98%
F
98%
G
98%
H
98%
I
95%
J
93%
K
90%
L
90%
M
90%
N
90%
O
88%
P
88%
Q
88%
R
88%
S
88%
T
88%
U
85%
V
80%
W
80%
X
80%
Y
78%
Z
73%

Score Distribution

Percentile by Number Answered

Percent of People with Each Score

Your Score History

You have not taken this quiz